| 000 | 00626nam a2200181Ia 4500 | ||
|---|---|---|---|
| 008 | 100921s9999 xx 000 0 und d | ||
| 082 |
_b759 _a891.467 थ 61 |
||
| 100 | _aभावे पुरूषोत्तम भास्कर. | ||
| 245 | _aवायबार. | ||
| 260 |
_bमनोरंजन प्रकाशन,मंुबई. _c1961 |
||
| 300 |
_a130 _b--- |
||
| 365 | _b3.75 | ||
| 520 | _aललित-विनोदी साहित्य. | ||
| 630 | _aवायबार. | ||
| 650 | _aललित-विनोदी साहित्य. | ||
| 730 | _aवायबार. | ||
| 942 | _cBOOK | ||
| 999 |
_c749872 _d749869 |
||